Leonardo da Vinci: an account of his development as an artist
שמור ב:
| מחבר ראשי: | |
|---|---|
| פורמט: | ספר |
| שפה: | אנגלית |
| יצא לאור: |
Londres
Penguin Books
1959
|
| מהדורה: | 1a. ed |
| נושאים: | |
| תגים: |
הוספת תג
אין תגיות, היה/י הראשונ/ה לתייג את הרשומה!
|
MARC
| LEADER | 00000cam a2200000 a 4500 | ||
|---|---|---|---|
| 001 | UCD4587 | ||
| 003 | CL-VaPUC | ||
| 005 | 20240425101852.0 | ||
| 008 | 160713e19590000uk |||||||||||||||||eng|d | ||
| 999 | |c 365471 |d 365469 | ||
| 020 | |a 014020430X | ||
| 040 | |c Pontificia Universidad Católica de Valparaíso | ||
| 082 | 0 | 4 | |a 759.5 |b CLA |2 21 |
| 100 | 0 | |a Clark, Kenneth |e author |9 588309 | |
| 245 | 1 | 0 | |a Leonardo da Vinci: an account of his development as an artist |
| 250 | |a 1a. ed | ||
| 260 | |a Londres |b Penguin Books |c 1959 | ||
| 300 | |a 185 p | ||
| 583 | |a last modification |c 20160713 20:53:00 |k Rodrigo Vera | ||
| 600 | 0 | |a Da Vinci, Leonardo |d 1452-1519 |9 561227 | |
| 650 | 0 | |a Biografías |9 255210 | |
| 650 | 7 | |a PINTORES RENACENTISTAS |2 CL-VaPUC |9 456682 | |
| 650 | 0 | |a Pintores italianos |9 265277 | |
| 942 | |c BK |2 ddc | ||
| 945 | |d 20160713 20:53:00 |a dcastane | ||
| 952 | |0 0 |1 0 |3 erb |4 0 |6 759_500000000000000_CLA_1959 |7 0 |8 A |9 479335 |a FDOHBE |b FDOHBE |e Huesbe Llanos, Marco Antonio, 1934- |i 5308526 |o 759.5 CLA 1959 |p 5308526 |r 2024-01-30 |w 2019-11-24 |y BK |z Catalogado en:20160713 |k HBE | ||